<?xml version="1.0" encoding="UTF-8"?>
<record
    xmlns:xsi="http://www.w3.org/2001/XMLSchema-instance"
    xsi:schemaLocation="http://www.loc.gov/MARC21/slim http://www.loc.gov/standards/marcxml/schema/MARC21slim.xsd"
    xmlns="http://www.loc.gov/MARC21/slim">

  <leader>01631nam a22002897a 4500</leader>
  <controlfield tag="001">1192</controlfield>
  <controlfield tag="005">20230808085503.0</controlfield>
  <controlfield tag="008">230808b        cb ||||| |||| 00| 0 khr d</controlfield>
  <datafield tag="020" ind1=" " ind2=" ">
    <subfield code="a">9789924341611</subfield>
  </datafield>
  <datafield tag="040" ind1=" " ind2=" ">
    <subfield code="a">FISKH</subfield>
    <subfield code="b">eng</subfield>
    <subfield code="c">FISKH</subfield>
    <subfield code="d">FISKH</subfield>
  </datafield>
  <datafield tag="082" ind1=" " ind2=" ">
    <subfield code="a">306.875</subfield>
  </datafield>
  <datafield tag="100" ind1=" " ind2=" ">
    <subfield code="a">Sovanrothna, Shin </subfield>
  </datafield>
  <datafield tag="245" ind1=" " ind2=" ">
    <subfield code="a">&#x1782;&#x17B7;&#x179A;&#x17B8;&#x179B;&#x17BD;&#x1784;&#x1794;&#x17D2;&#x17A2;&#x17BC;&#x1793; / </subfield>
  </datafield>
  <datafield tag="250" ind1=" " ind2=" ">
    <subfield code="a">&#x1782;&#x17D2;&#x179A;&#x17B9;&#x17C7;&#x179F;&#x17D2;&#x1790;&#x17B6;&#x1793;&#x1794;&#x17C4;&#x17C7;&#x1796;&#x17BB;&#x1798;&#x17D2;&#x1796;&#x1795;&#x17D2;&#x179F;&#x17B6;&#x1799; Sipar &#x1798;&#x17B7;&#x1790;&#x17BB;&#x1793;&#x17B6; &#x17E2;&#x17E0;&#x17E2;&#x17E2; </subfield>
  </datafield>
  <datafield tag="260" ind1=" " ind2=" ">
    <subfield code="a">Phnom Penh : </subfield>
    <subfield code="b">Sipar, </subfield>
    <subfield code="c">2022. </subfield>
  </datafield>
  <datafield tag="300" ind1=" " ind2=" ">
    <subfield code="a">24 pages : </subfield>
    <subfield code="b">color illustrations ; </subfield>
    <subfield code="c">22 cm </subfield>
  </datafield>
  <datafield tag="490" ind1=" " ind2=" ">
    <subfield code="a">&#x1781;&#x17D2;&#x1789;&#x17BB;&#x17C6;&#x1785;&#x17C1;&#x17C7;&#x17A2;&#x17B6;&#x1793; </subfield>
  </datafield>
  <datafield tag="505" ind1=" " ind2=" ">
    <subfield code="a">F 
</subfield>
  </datafield>
  <datafield tag="520" ind1=" " ind2=" ">
    <subfield code="a">&#x1782;&#x17B7;&#x179A;&#x17B8;&#x1793;&#x17C5;&#x178F;&#x17C2;&#x1796;&#x17B8;&#x179A;&#x1793;&#x17B6;&#x1780;&#x17CB;&#x1794;&#x17D2;&#x17A2;&#x17BC;&#x1793; &#x1796;&#x17C1;&#x179B;&#x1794;&#x17D2;&#x17A2;&#x17BC;&#x1793;&#x1797;&#x17D2;&#x1789;&#x17B6;&#x1780;&#x17CB;&#x1782;&#x17C1;&#x1798;&#x17B7;&#x1793;&#x178A;&#x17B9;&#x1784;&#x179B;&#x17BD;&#x1784;&#x1794;&#x17D2;&#x17A2;&#x17BC;&#x1793;&#x178A;&#x17C4;&#x1799;&#x179A;&#x1794;&#x17C0;&#x1794;&#x178E;&#x17B6;&#x1791;&#x17C1;&#x17D4; &#x1798;&#x17B7;&#x178F;&#x17D2;&#x178F;&#x179A;&#x1794;&#x179F;&#x17CB;&#x1782;&#x17B7;&#x179A;&#x17B8;&#x1796;&#x17B8;&#x179A;&#x1793;&#x17B6;&#x1780;&#x17CB;&#x1794;&#x17B6;&#x1793;&#x1798;&#x1780;&#x179B;&#x17C1;&#x1784; &#x17A0;&#x17BE;&#x1799;&#x1796;&#x17BD;&#x1780;&#x1782;&#x17C1;&#x1791;&#x17B6;&#x17C6;&#x1784;&#x1794;&#x17B8;&#x1780;&#x17CF;&#x1794;&#x17B6;&#x1793;&#x1796;&#x17D2;&#x1799;&#x17B6;&#x1799;&#x17B6;&#x1798;&#x179A;&#x1780;&#x1798;&#x1792;&#x17D2;&#x1799;&#x17C4;&#x1794;&#x17B6;&#x1799;&#x1799;&#x17C9;&#x17B6;&#x1784;&#x178E;&#x17B6;&#x178A;&#x17BE;&#x1798;&#x17D2;&#x1794;&#x17B8;&#x179B;&#x17BD;&#x1784;&#x1794;&#x17D2;&#x17A2;&#x17BC;&#x1793;&#x17A2;&#x17C4;&#x1799;&#x1794;&#x17B6;&#x178F;&#x17CB;&#x1799;&#x17C6;&#x17D4; </subfield>
  </datafield>
  <datafield tag="520" ind1=" " ind2=" ">
    <subfield code="a">Kiri is alone with his little sister. When she wakes up, he doesn't know how to comfort her. Two of Kiri's friends came to visit, and the three of them tried to find a way to comfort her.</subfield>
  </datafield>
  <datafield tag="521" ind1=" " ind2=" ">
    <subfield code="a">300 
</subfield>
    <subfield code="b">Lexile estimate 
</subfield>
  </datafield>
  <datafield tag="521" ind1=" " ind2=" ">
    <subfield code="a">F 
</subfield>
    <subfield code="b">Raz-Plus 
</subfield>
  </datafield>
  <datafield tag="650" ind1=" " ind2=" ">
    <subfield code="a">&#x1780;&#x17BC;&#x1793;&#x1784;&#x17C9;&#x17B6;&#x200B;</subfield>
    <subfield code="v">&#x1798;&#x17B7;&#x178F;&#x17D2;&#x178F;&#x1797;&#x1780;&#x17D2;&#x178F;&#x17B7;</subfield>
    <subfield code="x">&#x179A;&#x1780;&#x1798;&#x1792;&#x17D2;&#x1799;&#x17C4;&#x1794;&#x17B6;&#x1799;</subfield>
  </datafield>
  <datafield tag="650" ind1=" " ind2=" ">
    <subfield code="a">little baby </subfield>
    <subfield code="v">Friend </subfield>
    <subfield code="x">Find way</subfield>
  </datafield>
  <datafield tag="700" ind1=" " ind2=" ">
    <subfield code="a">Rotha, Ouk </subfield>
    <subfield code="c">illustrator </subfield>
  </datafield>
  <datafield tag="942" ind1=" " ind2=" ">
    <subfield code="2">ddc</subfield>
    <subfield code="c">BK</subfield>
    <subfield code="n">0</subfield>
  </datafield>
  <datafield tag="999" ind1=" " ind2=" ">
    <subfield code="c">1192</subfield>
    <subfield code="d">1192</subfield>
  </datafield>
  <datafield tag="952" ind1=" " ind2=" ">
    <subfield code="0">0</subfield>
    <subfield code="1">0</subfield>
    <subfield code="2">ddc</subfield>
    <subfield code="4">0</subfield>
    <subfield code="7">0</subfield>
    <subfield code="8">KH</subfield>
    <subfield code="a">001</subfield>
    <subfield code="b">001</subfield>
    <subfield code="c">KHRS</subfield>
    <subfield code="d">2023-08-08</subfield>
    <subfield code="l">2</subfield>
    <subfield code="o">SOV 306.875</subfield>
    <subfield code="p">2023-0201</subfield>
    <subfield code="r">2025-06-09 14:21:17</subfield>
    <subfield code="s">2024-12-03</subfield>
    <subfield code="t">1</subfield>
    <subfield code="w">2023-08-08</subfield>
    <subfield code="y">BK</subfield>
  </datafield>
  <datafield tag="952" ind1=" " ind2=" ">
    <subfield code="0">0</subfield>
    <subfield code="1">0</subfield>
    <subfield code="2">ddc</subfield>
    <subfield code="4">0</subfield>
    <subfield code="7">0</subfield>
    <subfield code="8">KH</subfield>
    <subfield code="a">001</subfield>
    <subfield code="b">001</subfield>
    <subfield code="c">KHRS</subfield>
    <subfield code="d">2023-08-08</subfield>
    <subfield code="l">3</subfield>
    <subfield code="o">SOV 306.875</subfield>
    <subfield code="p">2023-0202</subfield>
    <subfield code="r">2025-08-29 14:42:05</subfield>
    <subfield code="s">2025-08-07</subfield>
    <subfield code="t">2</subfield>
    <subfield code="w">2023-08-08</subfield>
    <subfield code="y">BK</subfield>
  </datafield>
</record>
